000 00481nam a2200181Ia 4500
003 GCL
008 140319s9999 xx 000 0 ara d
040 _aGCL /
_cGCL
082 0 4 _a362.78
_bر ا
100 1 _aرفيق يسى
245 1 0 _aانهم ينمون بالحب واللعب /
_cرفيق يسى
300 _a86 ص
490 _a
650 0 4 _aرعاية الطفل
650 0 4 _aضعاف العقول
650 0 4 _aالاطفال المعوقون
942 _2ddc
_cBK
999 _c45469
_d45469